Una mirada social al campo : (Registro nro. 5061)

Detalles MARC
000 -LEADER
fixed length control field 01085nam a2200229Ia 4500
003 - CONTROL NUMBER IDENTIFIER
control field OSt
005 - DATE AND TIME OF LATEST TRANSACTION
control field 20200513115210.0
008 - FIXED-LENGTH DATA ELEMENTS--GENERAL INFORMATION
fixed length control field 191128s1996 ck abdogr 000 0 spa d
040 ## - CATALOGING SOURCE
Original cataloging agency CO-JMCR
Transcribing agency CO-JMCR
041 0# - LANGUAGE CODE
Language code of text/sound track or separate title spa
082 04 - DEWEY DECIMAL CLASSIFICATION NUMBER
Classification number 307.1412 /
Item number C969i
Edition number 23
111 2# - MAIN ENTRY--MEETING NAME
Meeting name or jurisdiction name as entry element Cumbre Social Rural (Bogotá : 20 de mayo de 1996)
9 (RLIN) 4243
245 20 - TITLE STATEMENT
Title Una mirada social al campo :
Remainder of title compilación de la cumbre social rural /
Statement of responsibility, etc. Cumbre Social Rural
250 ## - EDITION STATEMENT
Edition statement Primera edición
260 ## - PUBLICATION, DISTRIBUTION, ETC.
Place of publication, distribution, etc. Bogotá :
Name of publisher, distributor, etc. Ministerio de Agricultura y Desarrollo Rural,
Date of publication, distribution, etc. 1996
300 ## - PHYSICAL DESCRIPTION
Extent 304 páginas :
Other physical details ilustraciones, fotografías, gráficos, mapas a blanco y negro ;
Dimensions 23 cm.
505 ## - FORMATTED CONTENTS NOTE
Formatted contents note Pobreza, condiciones de vida y perspectivas del desarrollo rural en América Latina -- Reforma agraria en Colombia -- Crédito y financiamiento -- Institucionalidad para el desarrollo rural gasto público e inversión social -- Macroeconomía y agricultura
650 14 - SUBJECT ADDED ENTRY--TOPICAL TERM
Topical term or geographic name entry element Desarrollo rural
9 (RLIN) 4224
650 24 - SUBJECT ADDED ENTRY--TOPICAL TERM
Topical term or geographic name entry element Sector agropecuario
General subdivision Política social
9 (RLIN) 4244
650 24 - SUBJECT ADDED ENTRY--TOPICAL TERM
Topical term or geographic name entry element Congresos, reuniones
9 (RLIN) 3679
942 ## - ADDED ENTRY ELEMENTS (KOHA)
Source of classification or shelving scheme Dewey Decimal Classification
Koha item type Books
Existencias
Withdrawn status Lost status Source of classification or shelving scheme Materials specified (bound volume or other part) Damaged status Not for loan Home library Current library Shelving location Date acquired Source of acquisition Cost, normal purchase price Total Checkouts Full call number Barcode Date last seen Copy number Price effective from Koha item type
    Dewey Decimal Classification Donación--15/04/2018--     Biblioteca Pública José María del Castillo y Rada Biblioteca Pública José María del Castillo y Rada General Stacks 11/28/2019 Donación 0.00   307.1412 / C969i 430001230 05/16/2024 Ej.1 11/28/2019 Books